[Event "SF Olfen 1 - Südlohner SV 1"]
[Site "Regionalliga 2016/2017"]
[Date "2016.10.29"]
[Round "2.1"]
[White "Kolakovic, Klaudio"]
[Black "Koke, Christoph"]
[Result "1/2-1/2"]
[WhiteElo "1991"]
[BlackElo "2073"]
[PlyCount "50"]
[EventDate "2016.??.??"]
[SourceDate "2016.10.07"]

1. d4 d5 2. Nc3 c6 3. e4 dxe4 4. Nxe4 Bf5 5. Ng3 Bg6 6. h4 h6 7. Nh3 e6 8. Nf4
Bh7 9. Bc4 Nf6 10. O-O Bd6 11. Re1 O-O 12. c3 Nd5 13. Bxd5 cxd5 14. Qg4 Kh8 15.
Ngh5 Rg8 16. Ng3 Nd7 17. Nh3 Nf6 18. Qf3 Rf8 19. Bf4 Ne4 20. Nxe4 Bxe4 21. Qg3
Be7 22. h5 Bh7 23. Re2 Rc8 24. Rae1 Rc6 25. Be5 Bf6 1/2-1/2

[Event "SF Olfen 1 - Südlohner SV 1"]
[Site "Regionalliga 2016/2017"]
[Date "2016.10.29"]
[Round "2.2"]
[White "Bösel, Alexander"]
[Black "Völker, Christian"]
[Result "1/2-1/2"]
[WhiteElo "1904"]
[BlackElo "2004"]
[PlyCount "30"]
[EventDate "2016.??.??"]
[SourceDate "2016.10.07"]

1. e4 c5 2. Nf3 d6 3. d4 cxd4 4. Nxd4 Nf6 5. Nc3 a6 6. Bg5 e6 7. f4 Be7 8. Qf3
Qc7 9. O-O-O Nbd7 10. g4 b5 11. Bxf6 gxf6 12. Bg2 Bb7 13. Rhe1 O-O-O 14. Kb1
Kb8 15. Qh3 Nb6 1/2-1/2

[Event "SF Olfen 1 - Südlohner SV 1"]
[Site "Regionalliga 2016/2017"]
[Date "2016.10.29"]
[Round "2.3"]
[White "Dönnebrink, Elmar"]
[Black "Beutelhoff, Josef"]
[Result "1/2-1/2"]
[WhiteElo "2040"]
[BlackElo "1982"]
[PlyCount "40"]
[EventDate "2016.??.??"]
[SourceDate "2016.10.07"]

1. e4 e6 2. Qe2 c5 3. Nf3 Nc6 4. g3 d6 5. Bg2 g6 6. c3 Bg7 7. O-O Nge7 8. Rd1
e5 9. d3 O-O 10. Nbd2 b5 11. d4 exd4 12. cxd4 cxd4 13. Qxb5 Rb8 14. Qa4 Bd7 15.
Qa3 Nb4 16. Rb1 Qc7 17. Nb3 Nc2 18. Qa5 Qxa5 19. Nxa5 Na3 20. Ra1 Nc2 1/2-1/2

[Event "SF Olfen 1 - Südlohner SV 1"]
[Site "Regionalliga 2016/2017"]
[Date "2016.10.29"]
[Round "2.4"]
[White "Preuß, Richard"]
[Black "Darwisch, Khaled"]
[Result "1/2-1/2"]
[WhiteElo "1748"]
[BlackElo "2053"]
[PlyCount "53"]
[EventDate "2016.??.??"]
[SourceDate "2016.10.07"]

1. e4 d6 2. d4 g6 3. Nf3 Bg7 4. Be2 h6 5. h3 Nd7 6. Be3 e5 7. dxe5 dxe5 8. Nc3
Ngf6 9. Qd2 Qe7 10. Rd1 c6 11. O-O g5 12. a3 O-O 13. Nh2 Nc5 14. Bxc5 Qxc5 15.
Qd6 Qa5 16. Nf3 Be6 17. Qxe5 Nd5 18. Qg3 Nxc3 19. bxc3 Qxa3 20. Nd4 Qe7 21. Qe3
c5 22. Nxe6 Qxe6 23. Bg4 Qc6 24. Rd3 b6 25. Rfd1 Qf6 26. c4 Rad8 27. e5 1/2-1/2

[Event "SF Olfen 1 - Südlohner SV 1"]
[Site "Regionalliga 2016/2017"]
[Date "2016.10.29"]
[Round "2.5"]
[White "Telöken, Daniel"]
[Black "Pinno, Gregor"]
[Result "1/2-1/2"]
[WhiteElo "1894"]
[BlackElo "1784"]
[PlyCount "45"]
[EventDate "2016.??.??"]
[SourceDate "2016.10.07"]

1. c4 e5 2. g3 Nf6 3. Bg2 Nc6 4. d3 Bb4+ 5. Bd2 Qe7 6. Nc3 O-O 7. Nd5 Nxd5 8.
cxd5 Nd4 9. e3 Nf5 10. Ne2 Bxd2+ 11. Qxd2 c5 12. O-O d6 13. b4 Bd7 14. Rfc1
Rfc8 15. Rab1 Rab8 16. bxc5 dxc5 17. Qa5 a6 18. Nc3 Nd6 19. Na4 Bxa4 20. Qxa4
Rc7 21. a3 Rbc8 22. Bh3 Rd8 23. Rc2 1/2-1/2

[Event "SF Olfen 1 - Südlohner SV 1"]
[Site "Regionalliga 2016/2017"]
[Date "2016.10.29"]
[Round "2.6"]
[White "Steffens, Gerd"]
[Black "Hater, Wolfgang"]
[Result "0-1"]
[WhiteElo "1800"]
[BlackElo "2024"]
[PlyCount "76"]
[EventDate "2016.??.??"]
[SourceDate "2016.10.07"]

1. e4 e5 2. Nc3 d6 3. Bc4 Nf6 4. d3 Be7 5. f4 c6 6. fxe5 dxe5 7. Nf3 Nbd7 8.
Qe2 O-O 9. Be3 Qa5 10. h3 Bc5 11. Bxc5 Qxc5 12. Nd1 Nh5 13. Qf2 Qe7 14. Ne3 g6
15. O-O b5 16. Bb3 Nc5 17. Rad1 a5 18. c3 Bd7 19. Bc2 Rad8 20. Kh2 a4 21. b3
axb3 22. axb3 f6 23. b4 Ne6 24. Bb3 Kh8 25. g3 Ra8 26. Ra1 Qd6 27. Qc2 Rxa1 28.
Rxa1 f5 29. Bxe6 Bxe6 30. Ng5 Bg8 31. exf5 gxf5 32. Qe2 Qg6 33. h4 h6 34. Nf3
Qxg3+ 35. Kh1 Nf4 36. Qd1 Bb3 37. Qf1 e4 38. Nd4 Qxh4+ 0-1

[Event "SF Olfen 1 - Südlohner SV 1"]
[Site "Regionalliga 2016/2017"]
[Date "2016.10.29"]
[Round "2.7"]
[White "Telöken, Andreas"]
[Black "Boenigk, Winfried"]
[Result "0-1"]
[WhiteElo "1980"]
[BlackElo "1716"]
[PlyCount "58"]
[EventDate "2016.??.??"]
[SourceDate "2016.10.07"]

1. e4 d6 2. d4 Nf6 3. Nc3 g6 4. Be3 Bg7 5. h3 O-O 6. f4 Nfd7 7. Qf3 c5 8. dxc5
Nxc5 9. Nge2 Nc6 10. a3 a6 11. Rd1 b6 12. Qf2 Nd7 13. g3 Bb7 14. Bg2 Rc8 15.
O-O Na5 16. Nd4 Nc4 17. Bc1 Nxa3 18. e5 Bxg2 19. Qxg2 Nc4 20. Nc6 Qe8 21. exd6
Nxd6 22. Rfe1 Nf5 23. Nxe7+ Nxe7 24. Nd5 Bf6 25. b3 Rc5 26. Nxf6+ Nxf6 27. Qb7
Qc6 28. Qxe7 Rxc2 29. Ba3 Qg2# 0-1

[Event "SF Olfen 1 - Südlohner SV 1"]
[Site "Regionalliga 2016/2017"]
[Date "2016.10.29"]
[Round "2.8"]
[White "Limberg, Johannes"]
[Black "Schmeing, Walter"]
[Result "0-1"]
[WhiteElo "1599"]
[BlackElo "1990"]
[PlyCount "42"]
[EventDate "2016.??.??"]
[SourceDate "2016.10.07"]

1. e4 e5 2. Nf3 Nc6 3. Bb5 a6 4. Ba4 Nf6 5. O-O Nxe4 6. Re1 Nc5 7. Bxc6 dxc6 8.
d4 Ne6 9. Nxe5 Be7 10. c3 O-O 11. b3 f6 12. Nd3 Bd6 13. Bb2 Ng5 14. Nd2 Bf5 15.
Nc4 Qd7 16. Nxd6 cxd6 17. c4 Rfe8 18. Qd2 Bg6 19. Nf4 Qg4 20. Kh1 Bf7 21. Re3
Ne4 0-1

[Event "SK Bocholt 1 - SK Münster 3"]
[Site "Regionalliga 2016/2017"]
[Date "2016.10.29"]
[Round "2.1"]
[White "Borrink, Jörn"]
[Black "Fuest, Martin"]
[Result "1/2-1/2"]
[WhiteElo "2098"]
[BlackElo "2156"]
[PlyCount "83"]
[EventDate "2016.??.??"]
[SourceDate "2016.10.07"]

1. e4 c6 2. d4 d5 3. e5 c5 4. c3 Nc6 5. Ne2 cxd4 6. cxd4 Qb6 7. Nbc3 e6 8. a3
Bd7 9. b4 Nge7 10. Na4 Qc7 11. Bb2 b6 12. Rc1 Qb7 13. Ng3 g6 14. Qb3 Bh6 15.
Rd1 Nf5 16. Nxf5 gxf5 17. Be2 Ne7 18. Nc3 O-O 19. Nb5 Bxb5 20. Bxb5 a6 21. Bd3
Ng6 22. h3 f6 23. g3 fxe5 24. dxe5 f4 25. Bxg6 hxg6 26. g4 Rac8 27. Qd3 Qf7 28.
f3 Rc4 29. h4 Rfc8 30. Rd2 Bf8 31. Rhh2 Be7 32. h5 g5 33. Rc2 b5 34. Kf1 Kh8
35. Rhe2 Bf8 36. Bd4 Qh7 37. Qxh7+ Kxh7 38. Rxc4 Rxc4 39. Bb2 a5 40. bxa5 Bc5
41. Rd2 Be3 42. Rd3 1/2-1/2

[Event "SK Bocholt 1 - SK Münster 3"]
[Site "Regionalliga 2016/2017"]
[Date "2016.10.29"]
[Round "2.2"]
[White "Liesmann, Karsten"]
[Black "Baumann, Stephan"]
[Result "1/2-1/2"]
[WhiteElo "2006"]
[BlackElo "2003"]
[PlyCount "55"]
[EventDate "2016.??.??"]
[SourceDate "2016.10.07"]

1. d4 Nf6 2. Nf3 c5 3. e3 e6 4. Bd3 d5 5. b3 cxd4 6. exd4 Bd6 7. O-O O-O 8.
Nbd2 Nc6 9. Bb2 Qc7 10. c4 b6 11. Rc1 Ba6 12. Re1 dxc4 13. bxc4 Qd8 14. Qe2 Bb7
15. Ne4 Nb4 16. Nxd6 Qxd6 17. Bb1 Rfd8 18. Red1 Rac8 19. a3 Nc6 20. Qd3 Ne7 21.
d5 Ng6 22. dxe6 Qxd3 23. exf7+ Kxf7 24. Ng5+ Kg8 25. Bxd3 Nf4 26. Bf1 h6 27.
Nf3 Nh3+ 28. gxh3 1/2-1/2

[Event "SK Bocholt 1 - SK Münster 3"]
[Site "Regionalliga 2016/2017"]
[Date "2016.10.29"]
[Round "2.3"]
[White "Ollech, Dirk"]
[Black "Steiner, Karl"]
[Result "1/2-1/2"]
[WhiteElo "1934"]
[BlackElo "1920"]
[PlyCount "31"]
[EventDate "2016.??.??"]
[SourceDate "2016.10.07"]

1. c4 f5 2. g3 Nf6 3. Bg2 e6 4. b3 c6 5. Bb2 d5 6. Nf3 Bd6 7. O-O O-O 8. d4 a5
9. Nbd2 Nbd7 10. e3 Ne4 11. Ne5 Ndf6 12. f3 Nxd2 13. Qxd2 Bd7 14. Rae1 Be8 15.
Qc2 Nd7 16. f4 1/2-1/2

[Event "SK Bocholt 1 - SK Münster 3"]
[Site "Regionalliga 2016/2017"]
[Date "2016.10.29"]
[Round "2.4"]
[White "Hunhoff, Sebastian"]
[Black "Wingenfeld, Klaus"]
[Result "1/2-1/2"]
[WhiteElo "1912"]
[BlackElo "1888"]
[PlyCount "44"]
[EventDate "2016.??.??"]
[SourceDate "2016.10.07"]

1. c4 Nf6 2. Nc3 g6 3. e4 e5 4. g3 Bg7 5. Bg2 d6 6. Nge2 Nc6 7. h3 O-O 8. O-O
a6 9. d3 Rb8 10. Be3 b5 11. b3 Ne7 12. Qd2 b4 13. Nd5 Nfxd5 14. cxd5 c5 15. Bh6
Bd7 16. Bxg7 Kxg7 17. f4 f6 18. fxe5 fxe5 19. Rxf8 Qxf8 20. Rf1 Qd8 21. Qg5 Ng8
22. Qxd8 Rxd8 1/2-1/2

[Event "SK Bocholt 1 - SK Münster 3"]
[Site "Regionalliga 2016/2017"]
[Date "2016.10.29"]
[Round "2.5"]
[White "Meyer, Ulrich"]
[Black "Gajic, Goran"]
[Result "1-0"]
[WhiteElo "1929"]
[BlackElo "1953"]
[PlyCount "72"]
[EventDate "2016.??.??"]
[SourceDate "2016.10.07"]

1. d4 Nf6 2. Bg5 e6 3. e3 c5 4. Bxf6 Qxf6 5. c3 d5 6. Bd3 Nc6 7. Nf3 c4 8. Bc2
Bd6 9. Nbd2 O-O 10. O-O e5 11. dxe5 Nxe5 12. Nxe5 Bxe5 13. Nf3 Be6 14. Nxe5
Qxe5 15. Qd2 Rad8 16. Rad1 Bg4 17. Qd4 Qxd4 18. Rxd4 Be6 19. Rfd1 Rc8 20. R1d2
f5 21. Bd1 Kf7 22. Bf3 Rfd8 23. Bxd5 Bxd5 24. Rxd5 Rxd5 25. Rxd5 Ke6 26. Rd4
Rc6 27. g4 Rb6 28. gxf5+ Kxf5 29. Rxc4 Rxb2 30. a4 g5 31. Kg2 h5 32. Rc5+ Kg4
33. h3+ Kh4 34. Rc4+ g4 35. hxg4 hxg4 36. Rb4 b6 1-0

[Event "SK Bocholt 1 - SK Münster 3"]
[Site "Regionalliga 2016/2017"]
[Date "2016.10.29"]
[Round "2.6"]
[White "Naumann, Felix"]
[Black "Freise, Eckhard"]
[Result "1-0"]
[WhiteElo "1799"]
[BlackElo "1785"]
[PlyCount "81"]
[EventDate "2016.??.??"]
[SourceDate "2016.10.07"]

1. d4 g6 2. Nf3 f5 3. Bf4 d6 4. e3 Nf6 5. c4 a5 6. Nc3 Bg7 7. Bd3 O-O 8. O-O
Qe8 9. h3 Na6 10. a3 Bd7 11. Re1 Nh5 12. Bh2 e5 13. dxe5 dxe5 14. Bc2 Bc6 15.
Qe2 Kh8 16. Rad1 Qe7 17. Nd5 Bxd5 18. Rxd5 e4 19. Nd4 f4 20. exf4 Nxf4 21. Bxf4
Rxf4 22. g3 Rf7 23. Qxe4 Qxe4 24. Rxe4 c6 25. Rxa5 b6 26. Ra4 b5 27. cxb5 cxb5
28. Nxb5 Bxb2 29. Re6 Raf8 30. Re2 Nc5 31. Rc4 Nd7 32. Bxg6 hxg6 33. Rxb2 Ne5
34. Rc7 Nf3+ 35. Kh1 Rf6 36. Rc1 Ng5 37. Kg2 Ne4 38. f4 Rd8 39. Re2 Re6 40.
Rce1 Rde8 41. Nc7 1-0

[Event "SK Bocholt 1 - SK Münster 3"]
[Site "Regionalliga 2016/2017"]
[Date "2016.10.29"]
[Round "2.7"]
[White "Hartmann, Steffen"]
[Black "Hunhoff, Andreas"]
[Result "1-0"]
[WhiteElo "1887"]
[BlackElo "1839"]
[PlyCount "53"]
[EventDate "2016.??.??"]
[SourceDate "2016.10.07"]

1. e4 c5 2. Nf3 Nc6 3. Bb5 d6 4. O-O Bd7 5. c3 Nf6 6. Qe2 e6 7. d4 cxd4 8. cxd4
a6 9. Ba4 Be7 10. Nc3 O-O 11. Re1 Qa5 12. Bc2 e5 13. d5 Na7 14. Bd2 Qb6 15. Bd3
Rfc8 16. Be3 Qd8 17. Rec1 Ng4 18. Bd2 Nf6 19. Be3 Ng4 20. Bd2 Nf6 21. h3 h6 22.
Be3 Nh7 23. Nd2 Bg5 24. Nc4 Rc7 25. Nb6 Rb8 26. Nxd7 Qxd7 27. Bxa7 1-0

[Event "SK Bocholt 1 - SK Münster 3"]
[Site "Regionalliga 2016/2017"]
[Date "2016.10.29"]
[Round "2.8"]
[White "Böing, Frank"]
[Black "Toval, David"]
[Result "1/2-1/2"]
[WhiteElo "1828"]
[BlackElo "1769"]
[PlyCount "45"]
[EventDate "2016.??.??"]
[SourceDate "2016.10.07"]

1. d4 Nf6 2. Nf3 e6 3. Bg5 b6 4. e3 Bb7 5. Nbd2 Be7 6. Bd3 h6 7. Bh4 d6 8. O-O
Nbd7 9. Nc4 c5 10. c3 b5 11. Ncd2 c4 12. Be2 g5 13. Bg3 h5 14. h3 h4 15. Bh2 g4
16. hxg4 Nxg4 17. Ne1 Nxh2 18. Kxh2 e5 19. Bf3 d5 20. Bg4 exd4 21. exd4 Nf6 22.
Bh3 Bc8 23. Qf3 1/2-1/2

[Event "Schach Nienberge 1 - SK Dülmen 1"]
[Site "Regionalliga 2016/2017"]
[Date "2016.10.29"]
[Round "2.1"]
[White "Eiersbrock, Robin"]
[Black "Ringwelski, Marius"]
[Result "1/2-1/2"]
[WhiteElo "2003"]
[BlackElo "2036"]
[PlyCount "53"]
[EventDate "2016.??.??"]
[SourceDate "2016.10.07"]

1. d4 Nf6 2. c4 e6 3. Nc3 Bb4 4. e3 O-O 5. Nge2 c5 6. a3 Bxc3+ 7. Nxc3 cxd4 8.
exd4 d5 9. cxd5 Nxd5 10. Bd3 Nc6 11. O-O Qf6 12. Nxd5 exd5 13. Be3 Bf5 14. Be2
Be4 15. Rc1 Rfe8 16. Re1 Rac8 17. Qd2 Qg6 18. Bf1 b6 19. b4 h5 20. Rc3 Ne7 21.
Rec1 Rxc3 22. Rxc3 Nf5 23. Bf4 Nd6 24. f3 Bf5 25. b5 Nc4 26. Bxc4 dxc4 27. Re3
1/2-1/2

[Event "Schach Nienberge 1 - SK Dülmen 1"]
[Site "Regionalliga 2016/2017"]
[Date "2016.10.29"]
[Round "2.2"]
[White "Kemper, Georg"]
[Black "Grund, Wolfgang"]
[Result "1-0"]
[WhiteElo "1919"]
[BlackElo "1898"]
[PlyCount "77"]
[EventDate "2016.??.??"]
[SourceDate "2016.10.07"]

1. d4 d5 2. c4 c6 3. Nf3 Nf6 4. Qb3 dxc4 5. Qxc4 Qd5 6. Qa4 b5 7. Qd1 Ne4 8.
Nc3 Nxc3 9. bxc3 Bf5 10. Ba3 Nd7 11. g3 Nb6 12. Bg2 Nc4 13. Bc5 Be4 14. O-O g5
15. Ne1 Bxg2 16. Nxg2 a5 17. Qc1 a4 18. Re1 h6 19. e4 Qd7 20. Ne3 Nxe3 21. Qxe3
Bg7 22. e5 Qd5 23. f4 gxf4 24. Qxf4 Qe6 25. Qh4 Rd8 26. c4 Rd7 27. cxb5 cxb5
28. Rab1 O-O 29. Rxb5 f6 30. Rb6 Qxa2 31. Qg4 fxe5 32. dxe5 Rd2 33. Qe4 Rxh2
34. Rb4 e6 35. Rf1 Rxf1+ 36. Kxf1 Qa1+ 37. Rb1 Qxb1+ 38. Qxb1 Rh1+ 39. Bg1 1-0

[Event "Schach Nienberge 1 - SK Dülmen 1"]
[Site "Regionalliga 2016/2017"]
[Date "2016.10.29"]
[Round "2.3"]
[White "Wewers, Reinhard"]
[Black "Gottkehaskamp, Philipp"]
[Result "0-1"]
[WhiteElo "2017"]
[BlackElo "1926"]
[PlyCount "46"]
[EventDate "2016.??.??"]
[SourceDate "2016.10.07"]

1. Nf3 d5 2. c4 d4 3. g3 Nc6 4. Bg2 e5 5. O-O Nf6 6. b4 e4 7. Ng5 Bxb4 8. Nxe4
O-O 9. Nxf6+ Qxf6 10. d3 Re8 11. a3 Ba5 12. Nd2 Bg4 13. Nf3 Qe6 14. Ra2 h6 15.
Qb3 Rab8 16. Rc2 Bc3 17. Qb5 a6 18. Qa4 b5 19. Qxa6 Rb6 20. Qxb6 cxb6 21. cxb5
Bxf3 22. Bxf3 Ne5 23. Be4 Qb3 0-1

[Event "Schach Nienberge 1 - SK Dülmen 1"]
[Site "Regionalliga 2016/2017"]
[Date "2016.10.29"]
[Round "2.4"]
[White "Haas, Kai Markus"]
[Black "Rebber, Christian"]
[Result "1/2-1/2"]
[WhiteElo "1948"]
[BlackElo "1891"]
[PlyCount "65"]
[EventDate "2016.??.??"]
[SourceDate "2016.10.07"]

1. e4 c6 2. d3 e5 3. Nd2 Nf6 4. Ngf3 d6 5. g3 g6 6. Bg2 Bg7 7. a4 a5 8. O-O O-O
9. Nc4 b5 10. axb5 cxb5 11. Ne3 Bb7 12. h4 d5 13. exd5 Nxd5 14. Ng5 Nxe3 15.
Bxe3 Bxg2 16. Kxg2 h6 17. Nh3 Nd7 18. Qd2 Kh7 19. Kh2 f5 20. Ra2 f4 21. gxf4
Qxh4 22. f3 exf4 23. Bf2 Qd8 24. Kg2 g5 25. d4 g4 26. Qd3+ Kh8 27. fxg4 f3+ 28.
Kh1 Qf6 29. Raa1 Qe6 30. Rg1 Nf6 31. Rae1 Qc4 32. Qg6 Qf7 33. Nf4 1/2-1/2

[Event "Schach Nienberge 1 - SK Dülmen 1"]
[Site "Regionalliga 2016/2017"]
[Date "2016.10.29"]
[Round "2.5"]
[White "Schlütermann, Philipp"]
[Black "Althoff, Franz"]
[Result "0-1"]
[WhiteElo "1835"]
[BlackElo "2009"]
[PlyCount "88"]
[EventDate "2016.??.??"]
[SourceDate "2016.10.07"]

1. d4 Nf6 2. c4 e6 3. Nc3 Bb4 4. e3 O-O 5. Nge2 d5 6. a3 Be7 7. Nf4 b6 8. cxd5
exd5 9. Bd3 Bb7 10. O-O Nbd7 11. Qb3 Bd6 12. Nb5 Bxf4 13. exf4 a6 14. Nc3 c5
15. dxc5 Nxc5 16. Qd1 d4 17. Ne2 Nxd3 18. Qxd3 Be4 19. Qxd4 Bd3 20. Qxd8 Raxd8
21. Nc3 Bxf1 22. Kxf1 Rd6 23. Be3 Ng4 24. Ke2 Rfd8 25. Ne4 Rc6 26. Rc1 Rxc1 27.
Bxc1 Re8 28. Kd3 f5 29. Nc3 Nxf2+ 30. Kd4 Rd8+ 31. Kc4 Nd3 32. Be3 Nxb2+ 33.
Kb3 Nd3 34. Bxb6 Rb8 35. Kc4 Nxf4 36. Bd4 Nxg2 37. Kc5 Nf4 38. Kc6 Ne6 39. Be5
Rb3 40. a4 Kf7 41. Kd6 g5 42. Ne2 f4 43. Kd5 Re3 44. Nc3 f3 0-1

[Event "Schach Nienberge 1 - SK Dülmen 1"]
[Site "Regionalliga 2016/2017"]
[Date "2016.10.29"]
[Round "2.6"]
[White "Keller, Dirk"]
[Black "Lödding, Detlef"]
[Result "1/2-1/2"]
[WhiteElo "1893"]
[BlackElo "1873"]
[PlyCount "45"]
[EventDate "2016.??.??"]
[SourceDate "2016.10.07"]

1. d4 Nf6 2. Nf3 b6 3. g3 Bb7 4. Bg2 g6 5. c4 Bg7 6. O-O O-O 7. Nc3 d6 8. Qc2
Nbd7 9. e4 e5 10. d5 a5 11. Ne1 Nc5 12. b3 Nfd7 13. Bh3 Bc8 14. Rb1 Nb8 15. Bg2
f5 16. a3 fxe4 17. b4 axb4 18. axb4 Nd3 19. Nxd3 exd3 20. Qxd3 Bf5 21. Ne4 Nd7
22. Rb2 Nf6 23. Bg5 1/2-1/2

[Event "Schach Nienberge 1 - SK Dülmen 1"]
[Site "Regionalliga 2016/2017"]
[Date "2016.10.29"]
[Round "2.7"]
[White "Eiersbrock, Marko"]
[Black "Schäfer, Günter"]
[Result "1-0"]
[WhiteElo "1850"]
[BlackElo "1883"]
[PlyCount "71"]
[EventDate "2016.??.??"]
[SourceDate "2016.10.07"]

1. d4 Nf6 2. Nf3 d6 3. g3 Nbd7 4. Bg2 e5 5. Bg5 Be7 6. c4 O-O 7. O-O c6 8. Nc3
Re8 9. Qc2 Qc7 10. Rad1 Bf8 11. d5 c5 12. Nd2 h6 13. Be3 a6 14. h3 Rb8 15. f4
Nh5 16. fxe5 Nxe5 17. g4 Ng3 18. Rf2 Nxg4 19. hxg4 Rxe3 20. Bf3 Qe7 21. Rg2 Qh4
22. Rh2 Qg5 23. Kf2 Qf4 24. Rg2 Be7 25. Rxg3 Bh4 26. Rdg1 Bxg4 27. Nd1 Rbe8 28.
Nxe3 Rxe3 29. Qd1 Qd4 30. Kf1 Rxf3+ 31. exf3 Bh3+ 32. Ke2 Bxg3 33. Rxg3 Bf5 34.
Qb3 Qh4 35. Nf1 Bh3 36. f4 1-0

[Event "Schach Nienberge 1 - SK Dülmen 1"]
[Site "Regionalliga 2016/2017"]
[Date "2016.10.29"]
[Round "2.8"]
[White "Van de Vyle, Jan"]
[Black "Kötting, Hans-Erich"]
[Result "0-1"]
[WhiteElo "1753"]
[BlackElo "1837"]
[PlyCount "98"]
[EventDate "2016.??.??"]
[SourceDate "2016.10.07"]

1. e4 c5 2. Nf3 d6 3. Bd3 g6 4. c3 Bg7 5. Bc2 Qc7 6. h3 e6 7. O-O Ne7 8. d3 O-O
9. Bf4 Nbc6 10. Nbd2 b5 11. Rc1 e5 12. Bg5 Be6 13. Bb3 Na5 14. Bxe6 fxe6 15.
Nh2 h6 16. Bh4 g5 17. Bg3 Ng6 18. Qg4 Qf7 19. Qh5 Nf4 20. Qxf7+ Rxf7 21. Bxf4
exf4 22. Nhf3 Nc6 23. Rfe1 a5 24. Re2 Rb7 25. Rce1 b4 26. Nc4 bxc3 27. bxc3
Bxc3 28. Rc1 Nd4 29. Nxd4 Bxd4 30. Nxd6 Rb4 31. Nc4 a4 32. Kf1 h5 33. Rec2 Kf7
34. Ke2 Kg6 35. Rd1 g4 36. hxg4 hxg4 37. Rh1 Rf8 38. f3 g3 39. Nd2 Rbb8 40. Rh3
Rh8 41. Rxh8 Rxh8 42. Nf1 Rh1 43. Ke1 Bf2+ 44. Rxf2 gxf2+ 45. Kxf2 Rh8 46. Nd2
Rb8 47. Nc4 Rb1 48. g3 Kg5 49. Kg2 Rd1 0-1

[Event "SC Steinfurt 1 - SC Gronau 1"]
[Site "Regionalliga 2016/2017"]
[Date "2016.10.29"]
[Round "2.1"]
[White "Monsma, Menno"]
[Black "Haselhorst, Helmut"]
[Result "1/2-1/2"]
[WhiteElo "2033"]
[BlackElo "1992"]
[PlyCount "79"]
[EventDate "2016.??.??"]
[SourceDate "2016.10.07"]

1. d4 Nf6 2. c4 g6 3. Nc3 Bg7 4. e4 d6 5. f3 O-O 6. Bg5 c5 7. d5 a6 8. Qd2 Re8
9. Rd1 e6 10. dxe6 Bxe6 11. Qxd6 Qa5 12. Qd2 Nc6 13. Nd5 Qxd2+ 14. Rxd2 Bxd5
15. cxd5 Nd4 16. Ne2 Nd7 17. Be3 f5 18. Ng3 fxe4 19. fxe4 Nf5 20. Nxf5 gxf5 21.
Kf2 Nf6 22. Rc2 Ng4+ 23. Kf3 Nxe3 24. Kxe3 Bd4+ 25. Kd2 fxe4 26. a4 Rf8 27. Ke1
b5 28. Be2 Rf2 29. Rf1 Raf8 30. Rxf2 Rxf2 31. axb5 axb5 32. Bd1 e3 33. b3 Kf8
34. Rxf2+ exf2+ 35. Kf1 Ke7 36. Be2 Kd6 37. Bxb5 Kxd5 38. Bc4+ Ke4 39. Bg8 h6
40. Bc4 1/2-1/2

[Event "SC Steinfurt 1 - SC Gronau 1"]
[Site "Regionalliga 2016/2017"]
[Date "2016.10.29"]
[Round "2.2"]
[White "Engels, Natia"]
[Black "Lütkehermölle, Martin"]
[Result "0-1"]
[WhiteElo "2042"]
[BlackElo "1973"]
[PlyCount "62"]
[EventDate "2016.??.??"]
[SourceDate "2016.10.07"]

1. Nf3 d5 2. d4 Nf6 3. c4 c6 4. cxd5 cxd5 5. Nc3 Nc6 6. g3 Bg4 7. Bg2 e6 8. O-O
Bd6 9. Bg5 h6 10. Bxf6 Qxf6 11. Nb5 Qe7 12. Nxd6+ Qxd6 13. Ne5 Nxe5 14. dxe5
Qa6 15. f3 Bh5 16. Qd2 O-O 17. g4 Bg6 18. f4 Rac8 19. f5 Bh7 20. Rf2 Rc4 21. e4
dxe4 22. Bf1 e3 23. Bxc4 exf2+ 24. Qxf2 Qxc4 25. h3 Rc8 26. Rd1 exf5 27. gxf5
Qe4 28. f6 Qxe5 29. fxg7 Rc2 30. Rd8+ Kxg7 31. Qh4 Qh2+ 0-1

[Event "SC Steinfurt 1 - SC Gronau 1"]
[Site "Regionalliga 2016/2017"]
[Date "2016.10.29"]
[Round "2.3"]
[White "Langendijk, Andre"]
[Black "Grälken, Matthias"]
[Result "1/2-1/2"]
[WhiteElo "1939"]
[BlackElo "2021"]
[PlyCount "25"]
[EventDate "2016.??.??"]
[SourceDate "2016.10.07"]

1. e4 c6 2. Nc3 d5 3. Nf3 Bg4 4. h3 Bxf3 5. Qxf3 e6 6. d3 Nf6 7. Bd2 Be7 8.
O-O-O d4 9. Ne2 c5 10. g4 Nc6 11. Kb1 Nd7 12. Qg2 Qc7 13. f4 1/2-1/2

[Event "SC Steinfurt 1 - SC Gronau 1"]
[Site "Regionalliga 2016/2017"]
[Date "2016.10.29"]
[Round "2.4"]
[White "Wild, Helmut"]
[Black "Storck, Martin"]
[Result "1/2-1/2"]
[WhiteElo "1922"]
[BlackElo "1931"]
[PlyCount "43"]
[EventDate "2016.??.??"]
[SourceDate "2016.10.07"]

1. c4 c5 2. Nf3 Nc6 3. Nc3 g6 4. d4 cxd4 5. Nxd4 Bg7 6. Nb3 d6 7. e4 Nf6 8. Be2
Be6 9. Be3 O-O 10. Rc1 Na5 11. Nd2 Nc6 12. f3 Nd7 13. Ndb1 a6 14. O-O Rc8 15.
Qd2 Nc5 16. b3 Qa5 17. Rfd1 f5 18. h3 fxe4 19. fxe4 Rf7 20. Rf1 Rcf8 21. Rxf7
Rxf7 22. Rf1 1/2-1/2

[Event "SC Steinfurt 1 - SC Gronau 1"]
[Site "Regionalliga 2016/2017"]
[Date "2016.10.29"]
[Round "2.5"]
[White "Reinhold, Klaus"]
[Black "Yust, Evgeniy"]
[Result "1/2-1/2"]
[WhiteElo "1894"]
[BlackElo "1907"]
[PlyCount "186"]
[EventDate "2016.??.??"]
[SourceDate "2016.10.07"]

1. d4 Nf6 2. c4 e6 3. Nf3 Bb4+ 4. Bd2 Bxd2+ 5. Qxd2 O-O 6. Nc3 b6 7. g3 Bb7 8.
Bg2 d6 9. O-O Qe7 10. Qc2 Nbd7 11. e4 e5 12. Rfe1 Rfe8 13. Rad1 c6 14. Rd2 Rad8
15. Red1 a6 16. h3 b5 17. cxb5 axb5 18. dxe5 Nxe5 19. Nd4 g6 20. a3 Nc4 21. Re2
Qc7 22. Qc1 Qa5 23. Nb3 Qb6 24. Qg5 Nd7 25. Nd4 Re5 26. Qf4 Rde8 27. Nf3 R5e6
28. Nd4 Rf6 29. Qh6 b4 30. axb4 Qxb4 31. Qc1 c5 32. Ndb5 Ndb6 33. Nc7 Re7 34.
N7d5 Bxd5 35. Nxd5 Nxd5 36. Rxd5 Rb7 37. Qc3 Re6 38. f4 Nxb2 39. Qxb4 Rxb4 40.
e5 dxe5 41. Rdxe5 Rxe5 42. Rxe5 c4 43. Re8+ Kg7 44. Rc8 Na4 45. Rc7 Nb6 46. Bf1
Rb3 47. Kf2 c3 48. Bc4 Rb2+ 49. Kf3 Nxc4 50. Rxc4 Rc2 51. g4 Kf6 52. g5+ Ke6
53. Ke4 Rc1 54. Rc6+ Kd7 55. Rc4 c2 56. Kd3 Ke6 57. Rc6+ Kd7 58. Rxc2 Rh1 59.
Ke4 Rxh3 60. Ke5 Re3+ 61. Kd4 Re8 62. Rh2 Rh8 63. Rh6 Ke7 64. Ke5 f6+ 65. gxf6+
Kf7 66. f5 Re8+ 67. Kf4 Kxf6 68. Rxh7 g5+ 69. Kf3 Ra8 70. Rb7 Ra6 71. Kg4 Ra4+
72. Kg3 Kxf5 73. Rb5+ Kg6 74. Rb8 Ra1 75. Rg8+ Kf6 76. Rf8+ Kg7 77. Rf5 Kg6 78.
Rf8 Rg1+ 79. Kh2 Rg4 80. Kh3 Rh4+ 81. Kg3 Rh7 82. Ra8 Kh5 83. Ra1 Rf7 84. Rh1+
Kg6 85. Ra1 Rf4 86. Ra8 Re4 87. Rg8+ Kh6 88. Rh8+ Kg6 89. Rf8 Kg7 90. Ra8 Kf6
91. Ra5 Kg6 92. Ra8 Kh5 93. Rh8+ Kg6 1/2-1/2

[Event "SC Steinfurt 1 - SC Gronau 1"]
[Site "Regionalliga 2016/2017"]
[Date "2016.10.29"]
[Round "2.6"]
[White "Arning, Marcus"]
[Black "Hoge, Torsten"]
[Result "1/2-1/2"]
[WhiteElo "1839"]
[BlackElo "1899"]
[PlyCount "38"]
[EventDate "2016.??.??"]
[SourceDate "2016.10.07"]

1. g3 Nf6 2. Bg2 e6 3. c4 Be7 4. Nf3 O-O 5. O-O b6 6. b3 Bb7 7. Bb2 c5 8. e3 d5
9. Qe2 dxc4 10. bxc4 Nbd7 11. d3 Qc7 12. Nc3 a6 13. Rac1 Rfd8 14. h3 Rac8 15.
Rfe1 Bxf3 16. Bxf3 Ne5 17. Red1 Nxf3+ 18. Qxf3 Nd7 19. Ne2 Bf6 1/2-1/2